Państwa z najniższą średnią wieku - Statystyki

Ogólne statystyki
  • Ten quiz został rozwiązany 29 razy
  • Średni wynik to 15 z 27
Statystyki odpowiedzi
Lp. Wiek Państwo % Poprawnych
6, 16 Demokratyczna Republika Konga
89%
1. 15 Niger
89%
10. 17 Nigeria
81%
25. 18 Kongo
78%
21. 18 Senegal
74%
3. 15 Czad
67%
2. 15 Mali
67%
23. 18 Gwinea
63%
4. 15 Somalia
63%
17. 17 Sudan Południowy
63%
8. 16 Angola
59%
18. 17 Gambia
59%
11. 17 Tanzania
59%
7. 16 Uganda
59%
20. 18 Kamerun
52%
13. 17 Mozambik
52%
5. 15 Republika Środkowo Afrykańska
48%
19.. 18 Wybrzeże Kości Słoniowej
48%
24. 18 Benin
44%
14. 17 Burkina Faso
44%
26. 18 Liberia
44%
15. 17 Malawi
44%
12. 17 Afganistan
41%
9. 16 Burundi
41%
27. 18 Mauretania
41%
16. 17 Zambia
41%
22. 18 Zimbabwe
37%
Nie znaleziono quizów pasujących do podanych kryteriów
Rozkład punktacji
Procent ludzi z każdym wynikiem
Percentyl według liczby udzielonych odpowiedzi
Twoja historia wyników
Nie rozwiązałeś tego quizu